[Event "World Senior Teams +65"]
[Site "Radebeul GER"]
[Date "2016.07.04"]
[Round "9.7"]
[Board "4"]
[White "Illi, Hans-Joerg"]
[Black "Armbruester, Juergen"]
[Result "1-0"]
[WhiteElo "2042"]
[BlackElo "1964"]
[WhiteTeam "Switzerland"]
[BlackTeam "Sportfreunde Katernberg"]
[WhiteFideId "1300431"]
[BlackFideId "24681229"]
[EventDate "2016.06.26"]

1. b3 e5 2. Bb2 d6 3. e3 Nc6 4. c4 Nf6 5. Nf3 Be7 6. d4 exd4 7. exd4 d5 8. Be2
O-O 9. O-O Bf5 10. Nc3 Bb4 11. a3 Bxc3 12. Bxc3 Ne4 13. Bb2 Ne7 14. Ne5 c6 15.
c5 f6 16. Nd3 Ng5 17. Bc1 Ne6 18. Nf4 Nxf4 19. Bxf4 Re8 20. Bd6 Qd7 21. b4 b5
22. a4 a6 23. Re1 Ng6 24. Qd2 Nh8 25. h4 Nf7 26. Bg3 Rf8 27. Ra3 Ra7 28. Rea1
Rb7 29. axb5 axb5 30. Ra8 Rxa8 31. Rxa8+ Nd8 32. Bd6 Kf7 33. Qf4 g6 34. Qh6 Ke6
35. g4 Bc2 36. Qf8 1-0

[Event "World Senior Teams +65"]
[Site "Radebeul GER"]
[Date "2016.07.04"]
[Round "9.8"]
[Board "1"]
[White "Rahls, Peter"]
[Black "Haubt, Georg"]
[Result "0-1"]
[WhiteTitle "FM"]
[BlackTitle "FM"]
[WhiteElo "2160"]
[BlackElo "2132"]
[WhiteTeam "Berlin"]
[BlackTeam "Hessen 1"]
[WhiteFideId "4613023"]
[BlackFideId "4604016"]
[EventDate "2016.06.26"]

1. e4 d5 2. exd5 Qxd5 3. Nf3 Nf6 4. d4 a6 5. c4 Qd6 6. Nc3 Nc6 7. c5 Qd8 8. d5
Nb8 9. Bf4 c6 10. dxc6 Qxd1+ 11. Rxd1 Nxc6 12. Ne5 Be6 13. Nxc6 bxc6 14. b3 Nd5
15. Bd2 Nb4 16. Rc1 Bf5 17. f3 Nd3+ 18. Bxd3 Bxd3 19. Kf2 e6 20. Be3 Be7 21.
Rhd1 O-O-O 22. Ne4 Bxe4 23. fxe4 Bf6 24. Ke2 Be5 25. h3 f5 26. Rxd8+ Rxd8 27.
Rc4 f4 28. Bf2 g5 29. Rb4 Kc7 30. Rb6 Ra8 31. Be1 a5 32. Kd3 Kd7 33. b4 axb4 34.
Rxb4 Rxa2 35. Rb7+ Bc7 36. Bc3 Kc8 37. Rb2 Ra3 38. Kc4 Rxc3+ 39. Kxc3 Be5+ 40.
Kc2 Bxb2 41. Kxb2 h5 42. Kc3 e5 0-1

[Event "World Senior Teams +65"]
[Site "Radebeul GER"]
[Date "2016.07.04"]
[Round "9.8"]
[Board "2"]
[White "Zunker, Reinhard"]
[Black "Sprotte, Norbert"]
[Result "1/2-1/2"]
[WhiteTitle "FM"]
[WhiteElo "2134"]
[BlackElo "2216"]
[WhiteTeam "Hessen 1"]
[BlackTeam "Berlin"]
[WhiteFideId "4617711"]
[BlackFideId "4607015"]
[EventDate "2016.06.26"]

1. e4 e6 2. d4 d5 3. exd5 exd5 4. Nc3 c6 5. Bd3 Bd6 6. Nce2 Ne7 7. Bf4 Bg4 8.
Qd2 O-O 9. Bxd6 Qxd6 10. c3 Nd7 1/2-1/2

[Event "World Senior Teams +65"]
[Site "Radebeul GER"]
[Date "2016.07.04"]
[Round "9.8"]
[Board "3"]
[White "Neese, Hans-Joachim"]
[Black "Biller, Helmut"]
[Result "1/2-1/2"]
[WhiteTitle "FM"]
[WhiteElo "2159"]
[BlackElo "2082"]
[WhiteTeam "Berlin"]
[BlackTeam "Hessen 1"]
[WhiteFideId "4635019"]
[BlackFideId "4676068"]
[EventDate "2016.06.26"]

1. d4 Nf6 2. Nf3 d5 3. c4 e6 4. Nc3 Be7 5. Bf4 O-O 6. e3 c5 7. dxc5 Bxc5 8. cxd5
exd5 9. Be2 Nc6 10. O-O Be6 11. Nb5 Rc8 12. Rc1 Be7 13. Qa4 Nh5 14. Be5 Qb6 15.
Bc3 Nf6 16. Nbd4 Ne4 17. Nxc6 bxc6 18. Ba5 Qxb2 19. Rc2 Nc5 20. Rxb2 Nxa4 21.
Rb7 Bf6 22. Nd4 c5 23. Nxe6 fxe6 24. Bb5 Bc3 25. Bxa4 Bxa5 26. Bd7 Rcd8 27.
Bxe6+ Kh8 28. Rxa7 Bc3 29. Rd1 d4 30. Bc4 dxe3 31. Rxd8 exf2+ 32. Kf1 Rxd8 33.
Kxf2 g6 1/2-1/2

[Event "World Senior Teams +65"]
[Site "Radebeul GER"]
[Date "2016.07.04"]
[Round "9.9"]
[Board "1"]
[White "Lehmann, Karl-Heinz"]
[Black "Frick, Christoph"]
[Result "1/2-1/2"]
[WhiteElo "2108"]
[BlackElo "2243"]
[WhiteTeam "Stiftung BSW / DBAG I"]
[BlackTeam "Eck-Gunners"]
[WhiteFideId "4617576"]
[BlackFideId "4607090"]
[EventDate "2016.06.26"]

1. d4 d5 2. c4 c6 3. cxd5 cxd5 4. Nc3 Nf6 5. Bf4 Nc6 6. e3 Bf5 7. Nf3 e6 8. Bd3
Bxd3 9. Qxd3 Bd6 10. Bxd6 Qxd6 11. O-O O-O 12. Rfc1 Rac8 13. h3 a6 14. a3 Na5
15. Ne2 Nc4 16. Rc2 Rc6 17. Rac1 Rfc8 18. Ne5 Nxe5 1/2-1/2

[Event "World Senior Teams +65"]
[Site "Radebeul GER"]
[Date "2016.07.04"]
[Round "9.9"]
[Board "2"]
[White "Krauseneck, Peter"]
[Black "Baumbach, Friedrich"]
[Result "0-1"]
[BlackTitle "FM"]
[WhiteElo "2186"]
[BlackElo "2193"]
[WhiteTeam "Eck-Gunners"]
[BlackTeam "Stiftung BSW / DBAG I"]
[WhiteFideId "4602986"]
[BlackFideId "4611721"]
[EventDate "2016.06.26"]

1. d4 d5 2. Nc3 Nf6 3. Bf4 Bf5 4. f3 e6 5. e3 Bd6 6. Nge2 O-O 7. g4 Bg6 8. h4 h5
9. g5 Ne8 10. Qd2 c5 11. Bxd6 Nxd6 12. Nf4 cxd4 13. exd4 Nc6 14. O-O-O Nf5 15.
Nce2 Qd6 16. Nxg6 fxg6 17. f4 Rac8 18. Kb1 b6 19. c3 b5 20. Rh3 b4 21. Nc1 bxc3
22. bxc3 Rb8+ 23. Ka1 Na5 24. Bd3 Nc4 25. Bxc4 dxc4 26. Ne2 Ne7 27. Rb1 Rxb1+
28. Kxb1 Qc6 29. Rh2 Qf3 30. Qc2 Rb8+ 31. Ka1 Nd5 32. Qd2 Qe4 33. Qc1 Ne3 34.
Ng1 Nd5 35. Rb2 Rxb2 36. Kxb2 Nxf4 37. Ka3 Nd5 38. Qf1 Nb6 39. Nf3 Qe3 40. Kb4
Nd5+ 41. Kc5 Qf4 42. Kb5 Qb8+ 43. Ka4 Qb2 44. Ka5 Nxc3 0-1

[Event "World Senior Teams +65"]
[Site "Radebeul GER"]
[Date "2016.07.04"]
[Round "9.9"]
[Board "3"]
[White "Fleuch, Hans-Juergen"]
[Black "Weisenburger, Horst"]
[Result "0-1"]
[WhiteElo "2078"]
[BlackElo "2170"]
[WhiteTeam "Stiftung BSW / DBAG I"]
[BlackTeam "Eck-Gunners"]
[WhiteFideId "4619617"]
[BlackFideId "4654536"]
[EventDate "2016.06.26"]

1. Nf3 f5 2. g3 g6 3. Bg2 Bg7 4. c4 e5 5. d3 d6 6. Nc3 Nf6 7. O-O O-O 8. e4 Nc6
9. Rb1 h6 10. Nh4 Kh7 11. Ne2 f4 12. Nc3 Nd4 13. Nf3 Bg4 14. Nb5 Nxb5 15. cxb5
Qd7 16. gxf4 exf4 17. a4 g5 18. Qc2 Bh3 19. Ne1 f3 20. Bxf3 Bxf1 21. Kxf1 Qh3+
22. Kg1 Ng4 23. Bxg4 Qxg4+ 24. Kh1 Rf7 25. Be3 Re8 26. Qd2 Qh3 27. f3 Qf1+ 28.
Bg1 Rxf3 29. Qg2 Ref8 30. Rc1 Re3 31. Qxf1 Rxf1 32. Ng2 Rxc1 33. Nxe3 Bd4 34.
Kg2 Rxg1+ 0-1

[Event "World Senior Teams +65"]
[Site "Radebeul GER"]
[Date "2016.07.04"]
[Round "9.9"]
[Board "4"]
[White "Gass, Ulrich"]
[Black "Goldberg, Valerij"]
[Result "1/2-1/2"]
[WhiteElo "2081"]
[BlackElo "2123"]
[WhiteTeam "Eck-Gunners"]
[BlackTeam "Stiftung BSW / DBAG I"]
[WhiteFideId "4683307"]
[BlackFideId "4684370"]
[EventDate "2016.06.26"]

1. e4 e5 2. Nf3 Nc6 3. Bb5 a6 4. Ba4 Nf6 5. d4 Nxd4 6. Nxd4 exd4 7. e5 Ne4 8.
Qxd4 Nc5 9. Nc3 Be7 10. Qg4 Kf8 11. Qd4 c6 12. Bg5 Bxg5 13. Qxc5+ Be7 14. Qe3 d5
15. exd6 Qxd6 16. Bb3 Qc5 17. O-O Qxe3 18. fxe3 f6 19. Rad1 Bg4 20. Rd4 Bh5 21.
Rd7 Rb8 22. Ne4 Be8 23. Rd2 h6 24. g4 Bg6 25. Ng3 Bc5 26. Rf3 Ke7 27. Kf2 Rhd8
28. Ke2 Rxd2+ 29. Kxd2 Rd8+ 30. Ke2 b5 1/2-1/2

[Event "World Senior Teams +65"]
[Site "Radebeul GER"]
[Date "2016.07.04"]
[Round "9.10"]
[Board "1"]
[White "Schmidt, Gerhard3"]
[Black "Birk, Rainer"]
[Result "1/2-1/2"]
[WhiteElo "2077"]
[BlackElo "2136"]
[WhiteTeam "Saxone"]
[BlackTeam "Oberlausitz"]
[WhiteFideId "12962260"]
[BlackFideId "4684699"]
[EventDate "2016.06.26"]

1. d4 Nf6 2. Nf3 e6 3. e3 d5 4. c4 Be7 5. Nc3 O-O 6. Bd3 b6 7. b3 Bb7 8. O-O
Nbd7 9. Bb2 Ne4 10. Qe2 c5 11. Rfd1 cxd4 12. Nxd4 Nxc3 13. Bxc3 Rc8 14. Bb2 Nc5
15. Bc2 Qc7 16. cxd5 Bxd5 17. Nf5 f6 18. Nxe7+ Qxe7 19. e4 Bb7 20. b4 Ba6 21.
Qe3 Nd7 22. Bb3 Rfd8 23. Rac1 Nf8 24. a3 Rxc1 25. Qxc1 Bb7 26. f3 Rd7 27. Rxd7
Qxd7 28. Qd1 Kf7 29. Qxd7+ Nxd7 30. Kf2 Ke7 31. Ke3 e5 32. g3 b5 33. Kd3 Kd6 34.
Bc1 f5 35. exf5 Bxf3 36. Ke3 1/2-1/2

[Event "World Senior Teams +65"]
[Site "Radebeul GER"]
[Date "2016.07.04"]
[Round "9.10"]
[Board "2"]
[White "Brauer, Christian"]
[Black "Lenk, Wolfgang"]
[Result "1/2-1/2"]
[WhiteElo "2102"]
[BlackElo "2213"]
[WhiteTeam "Oberlausitz"]
[BlackTeam "USV TU Dresden"]
[WhiteFideId "4610938"]
[BlackFideId "4612388"]
[EventDate "2016.06.26"]

1. c4 Nf6 2. Nf3 g6 3. b4 Bg7 4. Bb2 O-O 5. e3 d5 6. cxd5 Nxd5 7. Bxg7 Kxg7 8.
Qb3 Nb6 9. Be2 Kg8 10. O-O Be6 11. Qc2 Nc6 12. a3 Qd5 13. Nc3 Qf5 14. Qxf5 1/2-1/2

[Event "World Senior Teams +65"]
[Site "Radebeul GER"]
[Date "2016.07.04"]
[Round "9.10"]
[Board "3"]
[White "Kahn, Peter"]
[Black "Selig, Rainer"]
[Result "1/2-1/2"]
[WhiteElo "2097"]
[BlackElo "2139"]
[WhiteTeam "USV TU Dresden"]
[BlackTeam "Oberlausitz"]
[WhiteFideId "4686837"]
[BlackFideId "24646105"]
[EventDate "2016.06.26"]

1. d4 d5 2. Nf3 Nf6 3. e3 Bg4 4. c4 c6 5. Qb3 Qb6 6. c5 Qc7 7. Ne5 Nbd7 8. f4
Bf5 9. Bd3 e6 10. Nd2 Be7 11. O-O O-O 12. Qc2 Bxd3 13. Nxd3 b6 14. b4 1/2-1/2

[Event "World Senior Teams +65"]
[Site "Radebeul GER"]
[Date "2016.07.04"]
[Round "9.10"]
[Board "4"]
[White "Byhan, Gert"]
[Black "Petzold, Hans"]
[Result "1/2-1/2"]
[WhiteElo "1953"]
[BlackElo "2092"]
[WhiteTeam "Oberlausitz"]
[BlackTeam "USV TU Dresden"]
[WhiteFideId "4648200"]
[BlackFideId "24615676"]
[EventDate "2016.06.26"]

1. e4 e5 2. Nf3 Nc6 3. d4 exd4 4. Nxd4 Bc5 5. Nb3 Bb6 6. Nc3 d6 7. a4 Be6 8. a5
Bc5 9. Nxc5 dxc5 10. Qxd8+ Rxd8 11. Bb5 Ne7 12. Be3 b6 13. axb6 axb6 14. O-O O-O
15. Bf4 Rd7 16. Rfd1 Rxd1+ 17. Rxd1 Rc8 18. Bxc6 Nxc6 19. Nb5 Bc4 20. Nxc7 Nd4
21. g3 g5 22. Bd6 Rd8 23. e5 Nf3+ 24. Kg2 Nxe5 25. b3 Be2 26. Rd2 Bf3+ 27. Kf1
f6 28. Ke1 Nf7 29. Be7 Rc8 30. Nd5 1/2-1/2

[Event "World Senior Teams +65"]
[Site "Radebeul GER"]
[Date "2016.07.04"]
[Round "9.11"]
[Board "1"]
[White "Hajenius, Willem"]
[Black "Ager, Josef"]
[Result "0-1"]
[WhiteElo "2008"]
[BlackElo "2158"]
[WhiteTeam "Belgium 2"]
[BlackTeam "Niederoesterreich"]
[WhiteFideId "201138"]
[BlackFideId "1607138"]
[EventDate "2016.06.26"]

1. d4 Nf6 2. c4 g6 3. Nc3 Bg7 4. e4 d6 5. f4 O-O 6. Nf3 Na6 7. e5 Nd7 8. Be2 c5
9. d5 dxe5 10. O-O f5 11. fxe5 Nxe5 12. Bf4 Nf7 13. Qb3 Qb6 14. Qxb6 axb6 15.
Na4 Nb4 16. Nxb6 Ra6 17. Bc7 Bxb2 18. a4 Bxa1 19. Rxa1 e5 20. Ne1 f4 21. a5 Bf5
22. Na4 Rc8 23. Bb6 Rxb6 24. Nxb6 Re8 25. g4 fxg3 26. hxg3 h5 27. Na4 Na6 28.
Nd3 Bxd3 29. Bxd3 e4 30. Re1 Nd6 31. Bf1 Kg7 32. Nc3 Kf6 33. Kf2 Ke5 34. Re3 Nc7
35. Bg2 Kd4 36. Ne2+ Kxc4 37. Nf4 Nxd5 38. Bf1+ Kd4 39. Ne2+ Ke5 40. Rb3 c4 0-1

[Event "World Senior Teams +65"]
[Site "Radebeul GER"]
[Date "2016.07.04"]
[Round "9.11"]
[Board "2"]
[White "Gneiss, Karl"]
[Black "Van De Wynkele, Herman"]
[Result "1-0"]
[WhiteElo "2183"]
[BlackElo "1985"]
[WhiteTeam "Niederoesterreich"]
[BlackTeam "Belgium 2"]
[WhiteFideId "1605844"]
[BlackFideId "207144"]
[EventDate "2016.06.26"]

1. d4 c5 2. Nf3 Nf6 3. c3 b6 4. g3 Bb7 5. Bg2 g6 6. Qb3 cxd4 7. Ne5 d5 8. cxd4
Bg7 9. O-O O-O 10. Nc3 e6 11. Rd1 Nfd7 12. e4 dxe4 13. Nxe4 Bd5 14. Qa4 Nxe5 15.
dxe5 Qd7 16. Qxd7 Nxd7 17. f4 Rfc8 18. Nd6 Rc2 19. Bxd5 exd5 20. Rxd5 Nc5 21.
Rd2 Rxd2 22. Bxd2 f6 23. Bc3 fxe5 24. Bxe5 Bf8 25. Nb5 Nd3 26. Bc3 Re8 27. Rd1
Bc5+ 28. Kf1 Nf2 29. Rd7 Ng4 30. Rg7+ Kf8 31. Rxh7 Ne3+ 32. Ke2 Nd5+ 33. Be5 a5
34. Kf3 Re7 35. Rxe7 Kxe7 36. Ke4 Nb4 37. a3 Nc6 38. g4 1-0

[Event "World Senior Teams +65"]
[Site "Radebeul GER"]
[Date "2016.07.04"]
[Round "9.11"]
[Board "3"]
[White "Schrickx, Frank"]
[Black "Winiwarter, Felix"]
[Result "1/2-1/2"]
[WhiteElo "1920"]
[BlackElo "2101"]
[WhiteTeam "Belgium 2"]
[BlackTeam "Niederoesterreich"]
[WhiteFideId "208957"]
[BlackFideId "1601890"]
[EventDate "2016.06.26"]

1. e4 c5 2. c3 Nf6 3. e5 Nd5 4. d4 cxd4 5. cxd4 Nc6 6. Nf3 e6 7. Nc3 Nxc3 8.
bxc3 d6 9. Bb5 Bd7 10. exd6 Bxd6 11. O-O O-O 12. a4 Qc7 13. Ba3 a6 14. Bxd6 Qxd6
15. Bd3 Rad8 16. Re1 Bc8 17. Re3 g6 18. h4 h5 19. Qc2 Kg7 20. Rae1 Qe7 21. Be4
Qf6 22. Ng5 Ne7 23. Rf3 Nf5 24. Qb2 Rd7 25. Bxf5 exf5 26. Rfe3 Qd6 27. Re8 Rxe8
28. Rxe8 Re7 29. Rxe7 Qxe7 1/2-1/2

[Event "World Senior Teams +65"]
[Site "Radebeul GER"]
[Date "2016.07.04"]
[Round "9.11"]
[Board "4"]
[White "Woeber, Friedrich"]
[Black "De Reymaeker, Walter"]
[Result "1-0"]
[WhiteElo "2116"]
[BlackElo "1889"]
[WhiteTeam "Niederoesterreich"]
[BlackTeam "Belgium 2"]
[WhiteFideId "1604694"]
[BlackFideId "208000"]
[EventDate "2016.06.26"]

1. e4 c5 2. c3 g6 3. Nf3 Bg7 4. d4 cxd4 5. cxd4 d5 6. exd5 Nf6 7. Bb5+ Bd7 8.
Bc4 b5 9. Bb3 a5 10. a3 a4 11. Ba2 Na6 12. O-O b4 13. Bc4 bxa3 14. d6 O-O 15.
Qe2 exd6 16. Bxa6 Re8 17. Be3 Qb6 18. Bd3 axb2 19. Ra2 Reb8 20. Nfd2 d5 21. Na3
Bf8 22. h3 Nh5 23. g4 Ng7 24. f4 f5 25. Qg2 Bxa3 26. Rxa3 Qd6 27. Nb1 fxg4 28.
hxg4 Qe6 29. Be2 Rb3 30. Rxb3 axb3 31. Bd2 Rc8 32. f5 Qe4 33. Qxe4 dxe4 34. f6
Ne6 35. f7+ Kg7 36. d5 Nf8 37. Bc3+ Kh6 38. Bf6 g5 39. Kf2 Rc2 40. Ke3 Kg6 41.
Bd4 h6 42. Nd2 Rc1 43. Bxb2 Rxf1 44. Nxf1 Kxf7 45. Kxe4 Ng6 46. Ne3 Nf4 47. Bc4
Ba4 48. Nf5 h5 49. gxh5 Nxh5 50. Nd4 Nf6+ 51. Kf5 Nh7 52. Nxb3 Bd7+ 53. Ke5 Nf8
54. Nc5 Bh3 55. d6+ Ke8 56. Bb5+ Kd8 57. Bc1 1-0

[Event "World Senior Teams +65"]
[Site "Radebeul GER"]
[Date "2016.07.04"]
[Round "9.12"]
[Board "1"]
[White "Happel, Henk"]
[Black "Danner, Georg"]
[Result "0-1"]
[WhiteTitle "FM"]
[BlackTitle "IM"]
[WhiteElo "2101"]
[BlackElo "2338"]
[WhiteTeam "Koninklijke DD"]
[BlackTeam "Austria"]
[WhiteFideId "1001078"]
[BlackFideId "1600303"]
[EventDate "2016.06.26"]

1. d4 g6 2. c4 f5 3. Nf3 Nf6 4. g3 Bg7 5. Bg2 O-O 6. O-O d6 7. Nc3 Qe8 8. d5 Na6
9. Rb1 Nc5 10. Nd4 a5 11. Ncb5 Qd8 12. b3 Bd7 13. Bb2 Ra6 14. Nc3 c6 15. a3 e5
16. dxe6 Nxe6 17. Nxe6 Bxe6 18. e3 Qe7 19. Qe2 Raa8 20. Rfd1 Rad8 21. Rbc1 Ng4
22. Rd2 h5 23. h3 Ne5 24. h4 Ng4 25. Rcd1 Be5 26. Na4 Bxb2 27. Nxb2 Nf6 28. Nd3
Ne4 29. Nf4 Rf6 30. Rc2 Bf7 31. Qe1 b6 32. b4 axb4 33. axb4 d5 34. f3 Nxg3 35.
Qxg3 dxc4 36. Rxd8+ Qxd8 37. Bf1 b5 38. Nxh5 Rd6 39. Rg2 Rd2 40. Nf4 Rxg2+ 41.
Qxg2 Qxh4 42. Nxg6 Qe1 43. Kh2 Qxe3 44. Ne7+ Kf8 45. Nxf5 Qf4+ 46. Qg3 c3 47.
Kg1 Qxb4 48. Qd6+ 0-1

[Event "World Senior Teams +65"]
[Site "Radebeul GER"]
[Date "2016.07.04"]
[Round "9.12"]
[Board "2"]
[White "Petschar, Kurt"]
[Black "Dickhoff, Ronald"]
[Result "1-0"]
[WhiteTitle "FM"]
[WhiteElo "2278"]
[BlackElo "2106"]
[WhiteTeam "Austria"]
[BlackTeam "Koninklijke DD"]
[WhiteFideId "1600478"]
[BlackFideId "1006142"]
[EventDate "2016.06.26"]

1. d4 Nf6 2. c4 e6 3. Nc3 Bb4 4. e3 c5 5. Ne2 cxd4 6. exd4 O-O 7. a3 Be7 8. Nf4
d5 9. cxd5 Nxd5 10. Ncxd5 exd5 11. Bd3 Nc6 12. O-O Bf6 13. Be3 g6 14. Rc1 Qd6
15. Ne2 Bg4 16. h3 Be6 17. Qd2 Rac8 18. Bf4 Qd7 19. Bb5 a6 20. Bxc6 Rxc6 21.
Rxc6 bxc6 22. Rc1 Rc8 23. b4 Be7 24. Nc3 a5 25. Na4 axb4 26. Nb6 Qb7 27. Nxc8
Bxc8 28. axb4 Bxb4 29. Qb2 Bf8 30. Qxb7 Bxb7 31. Rb1 Ba6 32. Rb8 Kg7 33. Bh6+
Kxh6 34. Rxf8 Kg7 35. Ra8 Bb5 36. f3 h5 37. h4 Kf6 38. Ra7 Ke6 39. Kf2 Kf6 40.
Ke3 Bf1 41. g3 Bc4 42. Kf4 Be2 43. Rc7 Bb5 44. Rc8 Ba4 45. g4 hxg4 46. fxg4 Bb5
47. Rc7 Ba4 48. Ra7 Bb5 49. Ra3 Bc4 50. Re3 Bb5 51. g5+ Kg7 52. Ke5 Ba4 53. Ra3
Bb5 54. Ra7 Bd3 55. Rc7 Bb5 56. Kd6 Ba4 57. Rxc6 f5 58. Rc7+ Kf8 59. Ke5 1-0

[Event "World Senior Teams +65"]
[Site "Radebeul GER"]
[Date "2016.07.04"]
[Round "9.12"]
[Board "3"]
[White "Olof, Erik"]
[Black "Titz, Heimo"]
[Result "1/2-1/2"]
[BlackTitle "FM"]
[WhiteElo "1975"]
[BlackElo "2160"]
[WhiteTeam "Koninklijke DD"]
[BlackTeam "Austria"]
[WhiteFideId "1035762"]
[BlackFideId "1601520"]
[EventDate "2016.06.26"]

1. d4 Nf6 2. Nf3 e6 3. g3 c5 4. c3 b6 5. Bg2 Bb7 6. O-O Be7 7. Nbd2 d6 8. Re1
Nbd7 9. e4 cxd4 10. cxd4 O-O 11. b3 Rc8 12. Bb2 Rc7 13. Rc1 Rxc1 14. Qxc1 Qa8
15. Qb1 d5 16. e5 Ne4 17. Rc1 Nxd2 18. Nxd2 Rc8 19. a3 a5 20. Rxc8+ Qxc8 21. Qc1
Qxc1+ 22. Bxc1 Ba6 23. Bf1 Bxf1 24. Kxf1 f6 25. f4 g5 26. exf6 Bxf6 27. Nf3 g4
28. Ne5 Bxe5 29. fxe5 Kf7 30. a4 Kg6 31. Ke2 Kf5 32. Ke3 h5 33. Ba3 Kg6 34. Bd6
Kf5 35. Be7 1/2-1/2

[Event "World Senior Teams +65"]
[Site "Radebeul GER"]
[Date "2016.07.04"]
[Round "9.12"]
[Board "4"]
[White "Singer, Hans"]
[Black "Munninghoff, Alexander"]
[Result "1-0"]
[WhiteTitle "FM"]
[WhiteElo "2191"]
[BlackElo "1932"]
[WhiteTeam "Austria"]
[BlackTeam "Koninklijke DD"]
[WhiteFideId "1600800"]
[BlackFideId "1012460"]
[EventDate "2016.06.26"]

1. d4 Nf6 2. c4 c5 3. d5 b5 4. cxb5 a6 5. f3 d6 6. e4 g6 7. Nc3 Bg7 8. bxa6 O-O
9. Bd3 Nxa6 10. Nge2 Nd7 11. Bb5 Bb7 12. O-O Nc7 13. Ba4 Nb6 14. Bc2 e6 15. dxe6
fxe6 16. a4 d5 17. exd5 exd5 18. Bf4 Ne6 19. Bg3 Nc4 20. Qc1 Nd4 21. Nxd4 cxd4
22. Nb5 Ne3 23. Rf2 Qb6 24. Bd3 Rfc8 25. Qb1 Rc6 26. a5 Qc5 27. b4 Qe7 28. Re2
Rac8 29. Qb3 Ba6 30. Rae1 Rc3 31. Nxc3 Rxc3 32. Qxc3 dxc3 33. Bxa6 Qxb4 34. Bd3
Qxa5 35. Rxe3 Bd4 36. Bf2 Bxe3 37. Bxe3 c2 38. Kf2 Qc3 39. Ke2 Qe5 40. Kd2 Qxh2
41. Re2 d4 42. Bxd4 Qd6 43. Re4 Qg3 44. Rg4 1-0

[Event "World Senior Teams +65"]
[Site "Radebeul GER"]
[Date "2016.07.04"]
[Round "9.13"]
[Board "1"]
[White "Palmo, Pentti"]
[Black "Opl, Klaus1"]
[Result "0-1"]
[BlackTitle "FM"]
[WhiteElo "1995"]
[BlackElo "2230"]
[WhiteTeam "Turku"]
[BlackTeam "Wien 1"]
[WhiteFideId "501905"]
[BlackFideId "1600672"]
[EventDate "2016.06.26"]

1. e4 e5 2. Nf3 Nc6 3. Bb5 a6 4. Ba4 Nf6 5. O-O Be7 6. Re1 b5 7. Bb3 O-O 8. h3
Bb7 9. c3 d5 10. exd5 Nxd5 11. d4 exd4 12. Nxd4 Nxd4 13. Qxd4 Bf6 14. Qd1 Re8
15. a4 Rxe1+ 16. Qxe1 Qd7 17. axb5 Re8 18. Qd1 axb5 19. Ra7 Bc6 20. c4 bxc4 21.
Bxc4 Qe6 22. Kf1 Qe4 23. Bd3 Ne3+ 24. Bxe3 Qxg2+ 25. Ke1 Rxe3+ 26. Kd2 0-1

[Event "World Senior Teams +65"]
[Site "Radebeul GER"]
[Date "2016.07.04"]
[Round "9.13"]
[Board "2"]
[White "Dueckstein, Andreas"]
[Black "Alkkiomaki, Jyrki"]
[Result "1-0"]
[WhiteTitle "IM"]
[WhiteElo "2084"]
[BlackElo "1973"]
[WhiteTeam "Wien 1"]
[BlackTeam "Turku"]
[WhiteFideId "1600168"]
[BlackFideId "506893"]
[EventDate "2016.06.26"]

1. e4 e5 2. Nf3 Nc6 3. Bb5 a6 4. Ba4 Nf6 5. d3 d6 6. c3 Be7 7. O-O O-O 8. Re1
Bd7 9. Nbd2 Re8 10. Nf1 Bf8 11. Ne3 Ne7 12. Bb3 Be6 13. Bxe6 fxe6 14. h3 Ng6 15.
g3 Qd7 16. Ng4 Nxg4 17. hxg4 Be7 18. Kg2 d5 19. Qb3 Bc5 20. exd5 exd5 21. Be3
Bxe3 22. Rxe3 c6 23. Rae1 b5 24. Nxe5 Nxe5 25. Rxe5 Rxe5 26. Rxe5 Qxg4 27. Rxd5
Kh8 28. Rd4 Qe2 29. Qb4 a5 30. Qd6 Qe8 31. Re4 Qc8 32. Re7 Qf5 33. Re5 Qc8 34.
d4 h6 35. Re6 Ra6 36. Qe5 1-0

[Event "World Senior Teams +65"]
[Site "Radebeul GER"]
[Date "2016.07.04"]
[Round "9.13"]
[Board "3"]
[White "Rantanen, Veikko"]
[Black "Strobel, Ferdinand"]
[Result "1/2-1/2"]
[BlackTitle "FM"]
[WhiteElo "1966"]
[BlackElo "2037"]
[WhiteTeam "Turku"]
[BlackTeam "Wien 1"]
[WhiteFideId "506770"]
[BlackFideId "1600290"]
[EventDate "2016.06.26"]

1. c4 f5 2. d4 Nf6 3. Nc3 g6 4. Nf3 Bg7 5. g3 d6 6. Bg2 O-O 7. O-O Nc6 8. Qc2 h6
9. e3 e5 10. dxe5 dxe5 11. Rd1 Qe8 12. b3 Nb4 13. Qd2 e4 14. Ne1 a5 15. Bb2 c6
16. a3 Na6 17. Na4 Nc7 18. Bf1 Be6 19. Qd6 Qd8 20. Nc5 Qxd6 21. Rxd6 Bc8 22.
Rad1 Kf7 23. Bxf6 Bxf6 24. Nd7 Ne8 25. R6d2 1/2-1/2

[Event "World Senior Teams +65"]
[Site "Radebeul GER"]
[Date "2016.07.04"]
[Round "9.13"]
[Board "4"]
[White "Teichmeister, Sven"]
[Black "Lehtosaari, Kalevi"]
[Result "1-0"]
[WhiteElo "2005"]
[BlackElo "1953"]
[WhiteTeam "Wien 1"]
[BlackTeam "Turku"]
[WhiteFideId "1614797"]
[BlackFideId "501174"]
[EventDate "2016.06.26"]

1. e4 g6 2. d4 d6 3. Nf3 Bg7 4. Nc3 Nf6 5. h3 O-O 6. Be3 h6 7. Qd2 Kh7 8. O-O-O
c6 9. Bd3 b5 10. g4 a5 11. g5 hxg5 12. Nxg5+ Kg8 13. f4 b4 14. Ne2 Be6 15. Qe1
Bxa2 16. Qh4 Re8 17. Ng3 a4 18. e5 Nd5 19. Rhe1 a3 20. Qh7+ Kf8 21. Ne6+ fxe6
22. Nh5 axb2+ 23. Kxb2 1-0